| 000 | 03166ncm2a2200385 4500 | ||
|---|---|---|---|
| 001 | RU\NLR\ONIZ\298701 | ||
| 005 | 20250625090122.0 | ||
| 035 | _a(NLR Aleph) 022017860 | ||
| 090 |
_a12503210 _c12503210 |
||
| 100 | _a20230802d1929 |||y0rusy50 ca | ||
| 101 | 0 | _arus | |
| 102 | _aRU | ||
| 135 | _acrcn 024anaba | ||
| 145 | 0 | _ab | |
| 200 | 1 |
_aАльбом № 7 _bНоты _fсоставил и редактировал Д. С. Блок |
|
| 203 |
_aМузыка _bзнаковая _bвизуальная _cнепосредственная |
||
| 210 |
_aЛенинград _cТеа-кино-печать _d[1929] |
||
| 215 |
_a28 с. _cил. _d34 см |
||
| 313 | _aСистематизация документа проведена по изданию - Методика классифицирования музыкальных произведений (нотных изданий) по таблицам Библиотечно-библиографических классификаций : метод. рекомендации / Гос. б-ка СССР им. В.И. Ленина.- М., 1977. Индексу ББК методических рекомендаций присваивается код ББК для научных библиотек - LBC/SL | ||
| 325 | _aКопия доступна в Электрон. б-ке РНБ | ||
| 327 | 1 | _a№ 75. Русский бытовой фильм - хороводная / Лядов. № 76. Восточный танец / Арендс. № 77. Комедия - веселый пикник / Рацигад. № 78. Исторический фильм - на бивуаке / Арендс. № 79. Фантастика - сказочное шествие / Монар. № 80. Север - горные вершины - туристы / E. Grieg. № 81. Болезнь - страдание - угнетенное состояние : [ноктюрн : ор. 32 № 1] / Шопен. № 82. Ужас - бред - призраки / B. Zandonai. № 83. Больная - сон - (с 30-го такта) мучительное сновидение / Ed. Grieg. № 84. Страдание - тяжесть разлуки - мучение покинутого человека / Бекке | |
| 461 | 0 |
_1001RU\NLR\ONIZ\298618 _12001#$aКино-музыка$bНоты$eнотные альбомы$eпособие для кино-иллюстраторов$v№ 7 _912503183 _cЛенинград _d1928-1930 _oнотные альбомы : пособие для кино-иллюстраторов _tКино-музыка: Ноты _v№ 7 |
|
| 702 | 1 |
_9z01790 _aБлок _bД. С. _f1888-1948 _gДавид Семенович _4340 _4220 _7ca |
|
| 790 | 1 |
_9z01702 _aBlok _bD. S. _f1888-1948 _gDavid Semjonovič _4340 _4220 _7ba |
|
| 801 | 0 |
_aRU _bNLR _c20230802 _gPSBO |
|
| 801 | 1 |
_aRU _bNLR _c20230802 _2rusmarc |
|
| 801 | 2 |
_aRU _bNLR _c20230802 |
|
| 852 |
_aNLR _bМ _j255-4/27(7) _p135500 _t1 |
||
| 942 | _cSCORE | ||
| 980 | _aNB | ||
| 980 | _aONIZ | ||
| 981 | 2 | 4 | _a(24) Нотные издания и аудиозаписи |